| 000 | 00982nam a2200265Ia 4500 | ||
|---|---|---|---|
| 003 | OSt | ||
| 005 | 20220923211526.0 | ||
| 006 | a|||||r|||| 00| 0 | ||
| 007 | ta | ||
| 008 | 220922b |||||||| |||| 00| 0 hin d | ||
| 020 |
_a9789381467015 _c225 |
||
| 024 | _a272,466 | ||
| 037 |
_bIN-01742, 03/08/2013, Kitab Ghar Prakashan _cTextual |
||
| 040 |
_aARTS _cARTS _bhin |
||
| 041 |
_2hin _ahin |
||
| 082 | _aO152,3N212x, N4;Q3 | ||
| 100 | _aफणीश्वरनाथ रेणु | ||
| 245 | 0 | _aदस प्रतिनिधि कहानियाँ | |
| 246 | _aDas pratinidhi kahāniyāँ | ||
| 260 |
_aनयी दिल्ली _b किताबघर प्रकाशन _c2013 |
||
| 300 |
_a152पृ. _ccm. |
||
| 650 |
_aहिन्दी साहित्य _9156264 |
||
| 942 |
_hO152,3N212x, N4;Q3 _cTEXL _2CC |
||
| 999 |
_c300430 _d300430 |
||